000 00538 a2200193 4500
001 61863
005 20260407155910.0
008 260407a1970 arg spa d
003 AR-UNSa-BCEJYS
040 _aAR-UNSa-BCEJYS
_bspa
_cAR-UNSa-BCEJYS
080 _a334.726
_xEmpresas multinacionales
245 1 0 _aMonopolios y sociedades multinacionales
264 1 _aBuenos Aires :
_bLa Ley
_c1970
300 _a113 p.
_c22 cm.
041 _aspa
942 _cBK
590 _aniveau_biblio:m niveau_hierar:0
100 1 _aAftalion, Enrique R.
999 _c7453
_d7453